Chicago Union Pacific Metra Stations Quiz Stats

Quiz not verified by Sporcle

Challenge
Share
Tweet
Embed
Score 0/66 Timer 08:00
0 Plays Today
Line Station % Correct
UP-NWilmette
80.4%
UP-NWArlington Heights
80.4%
UP-NKenosha
79.7%
UP-NWinnetka
78.4%
UP-N, UP-NWClybourn
77.1%
UP-N, UP-NW, UP-WOgilvie Transportation Center
76.5%
UP-NDavis Street Evanston
76.5%
UP-NHighland Park
75.8%
UP-NLake Forest
75.8%
UP-NWaukegan
75.8%
UP-NWDes Plaines
75.2%
UP-NZion
74.5%
UP-NRogers Park
73.9%
UP-NMain Street Evanston
73.2%
UP-NWMcHenry
73.2%
UP-NNorth Chicago
71.9%
UP-NRavenswood
71.2%
UP-NWPalatine
71.2%
UP-WOak Park
71.2%
UP-NWPark Ridge
70.6%
UP-NWHarvard
70.6%
UP-NWBarrington
69.9%
UP-WGeneva
69.9%
UP-NRavinia
69.9%
UP-NWMount Prospect
69.3%
UP-WElburn
68%
UP-NWCary
67.3%
UP-WElmhurst
67.3%
UP-NGlencoe
66.7%
UP-NWIrving Park
66.7%
UP-NWJefferson Park
66.7%
UP-NWEdison Park
66.7%
UP-WWheaton
66.7%
Line Station % Correct
UP-NWArlington Park
66%
UP-NWCrystal Lake
66%
UP-WWest Chicago
66%
UP-NKenilworth
65.4%
UP-NHighwood
65.4%
UP-NCentral Street Evanston
64.7%
UP-NWinthrop Harbor
64.7%
UP-WRiver Forest
63.4%
UP-NLake Bluff
62.7%
UP-NWWoodstock
62.1%
UP-NWCumberland
61.4%
UP-WGlen Ellyn
60.8%
UP-NRavinia Park
59.5%
UP-NWNorwood Park
59.5%
UP-NWDee Road
59.5%
UP-NGreat Lakes
58.8%
UP-WLombard
58.8%
UP-WLa Fox
58.8%
UP-NWGladstone Park
58.2%
UP-WMaywood
58.2%
UP-WKedzie
57.5%
UP-NWFox River Grove
56.2%
UP-WBellwood
55.6%
UP-NBraeside
54.9%
UP-WMelrose Park
54.2%
UP-WWinfield
54.2%
UP-NFort Sheridan
53.6%
UP-WVilla Park
53.6%
UP-WCollege Avenue
53.6%
UP-NIndian Hill
52.9%
UP-NHubbard Woods
52.9%
UP-NWPingree Road
51.6%
UP-WBerkeley
51%

You're not logged in!

Compare scores with friends on all Sporcle quizzes.
Join for Free
OR
Log In

You Might Also Like...

Show Comments

Extras

Top Quizzes Today


Score Distribution

Your Account Isn't Verified!

In order to create a playlist on Sporcle, you need to verify the email address you used during registration. Go to your Sporcle Settings to finish the process.

Report this User

Report this user for behavior that violates our Community Guidelines.

Details: